MARC
| LEADER | 00000cam a2200000 7i4500 | ||
|---|---|---|---|
| 001 | 0000026844 | ||
| 005 | 20160518.0 | ||
| 008 | 160506 my a eng | ||
| 040 | |a INS | ||
| 090 | 0 | 0 | |a Research325 |
| 100 | 1 | |a Ainoriza Mohd Aini | |
| 245 | 1 | 0 | |a Housing needs for the ageing communities |c Ainoriza Mohd Aini, Wan Nor Azriyati Wan Abd Aziz, Noor Rosly Hanif |
| 260 | |c 2015 | ||
| 300 | |a xvi, 201p. : |b ill., pic. ; |c 30 cm. | ||
| 650 | 0 | |a Housing |z Malaysia | |
| 700 | 1 | |a Noor Rosly Hanif | |
| 700 | 1 | |a Wan Nor Azriyati Wan Abd Aziz | |
| 999 | |a RES0000580 |b BOOK |c Research By JPPH Staff |e Default branch | ||